Statistics for New England Attractions

Click here to take the quiz!

General Stats

  • This quiz has been taken 9 times
  • The average score is 5 of 13

Answer Stats

Answer % Correct
Cape Cod
83%
Fenway Park
83%
Salem Massachusetts
67%
Old Man of the Mountain
33%
Gillette Castle State Park
33%
Lake Champlain
33%
The Mark Twain House & Museum
33%
The Breakers
33%
Mount Washington/Mount Washington Hotel
33%
Portland Head Light
17%
Quechee Gorge
17%
Marble House
17%
Bowdoin College Museum of Art
0%

Score Distribution

Percentile by Number Answered

Percent of People with Each Score

Your Score History

You have not taken this quiz